000 01150cam a2200325 i 4500
001 1135599159
003 OCoLC
005 20240214160651.0
008 191122t20202020moua b 001 0 eng
020 _a0323523382
020 _a9780323523387
040 _aNUST
_beng
_erda
_cNUST
_dNUST
050 4 _aRM698 COO
100 1 _aCook, Albert M.,
_d1943-
_eAuthor
245 1 0 _aAssistive technologies :
_bprinciples & practice /
_cAlbert M. Cook, Janice M. Polgar, Pedro Encarnação.
250 _aFifth edition
260 _aSt Louis :
_bElsevier,
_c©2020.
300 _ax, 465 pages :
_billustrations ;
_c29 cm.
336 _atext
_2rdacontent
_btxt
337 _aunmediated
_2rdamedia
_bn
338 _avolume
_2rdacarrier
_bnc
504 _aIncludes bibliographical references and index.
650 0 _aSelf-help devices for people with disabilities
650 0 _aPeople with disabilities
_xRehabilitation
650 1 2 _aSelf-Help Devices
650 2 2 _aDisabled Persons
_xrehabilitation
700 1 _aPolgar, Jan Miller,
_eAuthor
700 1 _aEncarnação, Pedro,
_eAuthor
942 _2lcc
_cBOOKS
_eFifth edition
_hRM698
_kRM
_mCOO
_n0
999 _c170781
_d170781